Contemporary communication systems using MATLAB (Record no. 8263)
[ view plain ]
| 000 -LEADER | |
|---|---|
| fixed length control field | 00708 a2200205 4500 |
| 020 ## - INTERNATIONAL STANDARD BOOK NUMBER | |
| International Standard Book Number | 0534371736 |
| 040 ## - CATALOGING SOURCE | |
| Original cataloging agency | DLC |
| Language of cataloging | English |
| 082 00 - DEWEY DECIMAL CLASSIFICATION NUMBER | |
| Classification number | 621.382/16 |
| 100 1# - MAIN ENTRY--PERSONAL NAME | |
| Personal name | Proakis, John G. |
| 245 10 - TITLE STATEMENT | |
| Title | Contemporary communication systems using MATLAB |
| Statement of responsibility, etc. | John G. Proakis, Masoud Salehi. |
| 250 ## - EDITION STATEMENT | |
| Edition statement | Updated print. |
| 260 ## - PUBLICATION, DISTRIBUTION, ETC. | |
| Place of publication, distribution, etc. | Pacific Grove, CA : |
| Name of publisher, distributor, etc. | Brooks/Cole, |
| Date of publication, distribution, etc. | 2000. |
| 300 ## - PHYSICAL DESCRIPTION | |
| Extent | xiii, 428 p. : |
| Other physical details | ill. ; |
| Dimensions | 23 cm. |
| 490 1# - SERIES STATEMENT | |
| Series statement | BookWare companion series |
| 650 #0 - SUBJECT ADDED ENTRY--TOPICAL TERM | |
| Topical term or geographic name entry element | Data transmission systems |
| General subdivision | Computer simulation. |
| 650 #0 - SUBJECT ADDED ENTRY--TOPICAL TERM | |
| Topical term or geographic name entry element | Telecommunication systems |
| General subdivision | Computer simulation. |
| 700 1# - ADDED ENTRY--PERSONAL NAME | |
| Personal name | Salehi, Masoud. |
| 830 #0 - SERIES ADDED ENTRY--UNIFORM TITLE | |
| Uniform title | BookWare companion series (Pacific Grove, Calif.) |
| 942 ## - ADDED ENTRY ELEMENTS (KOHA) | |
| Koha item type | Book |
| Call number prefix | 621.38216 PRO |
| Source of classification or shelving scheme | |
| Withdrawn status | Lost status | Damaged status | Not for loan | Collection code | Permanent Location | Current Location | Shelving location | Date acquired | Source of acquisition | Cost, normal purchase price | Total Checkouts | Full call number | Barcode | Date last seen | Date last checked out | Price effective from | Koha item type |
|---|---|---|---|---|---|---|---|---|---|---|---|---|---|---|---|---|---|
| Central Library (CL) | Central Library (CL) | General Stacks | 04/05/2003 | Pak American | 810.00 | 1 | 621.38216 PRO | SEECS003324 | 03/03/2015 | 02/16/2015 | 01/05/2017 | Book | |||||
| Central Library (CL) | Central Library (CL) | General Stacks | 08/26/2004 | New Public Book | 729.00 | 621.38216 PRO | SEECS004710 | 11/14/2012 | 01/05/2017 | Book |
